Thơ chữ Hán Lê Thánh Tông
Giới thiệu di sản thơ văn Hán - Nôm của vua Lê Thánh Tông, một tác gia văn học lớn của nền văn học Việt Nam thế kỉ XV cùng một số bài phê bình, bình luận của các tác giả về ông
Đã lưu trong:
| Tác giả chính: | |
|---|---|
| Tác giả khác: | , |
| Định dạng: | Sách |
| Ngôn ngữ: | Vietnamese |
| Được phát hành: |
H.
Văn học
2003
|
| Những chủ đề: | |
| Các nhãn: |
Thêm thẻ
Không có thẻ, Là người đầu tiên thẻ bản ghi này!
|
| Thư viện lưu trữ: | Mạng thư viện Đại học Đà Nẵng |
|---|
| LEADER | 01678nam a2200421 4500 | ||
|---|---|---|---|
| 001 | 000005666 | ||
| 003 | 1812 | ||
| 005 | 20120531080547.0 | ||
| 008 | 110818s2003 viesd | ||
| 020 | |c 0đ | ||
| 041 | 0 | |a vie | |
| 082 | |a 895.9221 |b LE-T | ||
| 100 | 0 | |a Lê Thánh Tông | |
| 245 | 0 | |a Thơ chữ Hán Lê Thánh Tông |c B.s: Mai Xuân Hải (ch.b), Hoàng Hồng Cẩm, Phạm Thùy Vinh | |
| 260 | |a H. |b Văn học |c 2003 | ||
| 300 | |a 894 tr. - Tổng tập |b ảnh chân dung, bảng |c 21cm. | ||
| 500 | |a ĐTTS ghi: Trung tâm KHXH và NV Quốc gia. Viện nghiên cứu Hán Nôm | ||
| 504 | |a Thư mục: tr. 883-885 | ||
| 520 | |a Giới thiệu di sản thơ văn Hán - Nôm của vua Lê Thánh Tông, một tác gia văn học lớn của nền văn học Việt Nam thế kỉ XV cùng một số bài phê bình, bình luận của các tác giả về ông | ||
| 653 | |a Nhà thơ | ||
| 653 | |a Nghiên cứu văn học | ||
| 653 | |a Việt Nam | ||
| 653 | |a Văn học trung đại | ||
| 653 | |a Thơ | ||
| 653 | |a Lê Thánh Tông | ||
| 700 | |a Mai Xuân Hải |e Biên soạn | ||
| 700 | |a Hoàng Hồng Cẩm |e Biên soạn | ||
| 700 | |a Hoàng Hồng Cẩm |e Biên soạn | ||
| OWN | |a LSP | ||
| AVA | |a UDN50 |b LSP |d 895.9221 LE-T |e available |t Error 5001 Not defined in file expand_doc_bib_avail. |f 3 |g 0 |h N |i 0 |k 1 | ||
| 999 | |a From the UDN01 | ||
| AVA | |a UDN50 |b LSP |d 895.9221 LE-T |e available |t Error 5001 Not defined in file expand_doc_bib_avail. |f 3 |g 0 |h N |i 0 |k 1 | ||
| TYP | |a Monograph | ||
| TYP | |a Printed language | ||
| 980 | |a Mạng thư viện Đại học Đà Nẵng | ||